Proust y los signos (Registro nro. 49807)

Detalles MARC
001 - NÚMERO DE CONTROL
campo de control 71112
005 - FECHA Y HORA DE LA ÚLTIMA TRANSACCIÓN
campo de control 20260506070933.0
008 - DATOS DE LONGITUD FIJA--INFORMACIÓN GENERAL
campo de control de longitud fija 960313s1972 spa
035 ## - NÚMERO DE CONTROL DEL SISTEMA
Número de control de sistema 71112
035 ## - NÚMERO DE CONTROL DEL SISTEMA
Número de control de sistema (OCoLC)778199734
040 ## - FUENTE DE LA CATALOGACIÓN
Centro/agencia transcriptor comduadb
041 ## - CÓDIGO DE LENGUA
Código de lengua del texto/banda sonora o título independiente spa
082 #4 - NÚMERO DE LA CLASIFICACIÓN DECIMAL DEWEY
Número de clasificación 843
100 10 - ENTRADA PRINCIPAL--NOMBRE DE PERSONA
Nombre de persona Deleuze, Gilles,
Fechas asociadas al nombre 1925-1995
Código de función aut
Número de control del registro de autoridad o número normalizado (isni)0000 0001 2277 323X
-- (viaf)22140703
Término indicativo de función/relación Autor/a
9 (RLIN) 504264
245 10 - MENCIÓN DE TÍTULO
Título Proust y los signos
250 ## - MENCIÓN DE EDICIÓN
Mención de edición 2. edición
260 ## - PUBLICACIÓN, DISTRIBUCIÓN, ETC.
Lugar de publicación, distribución, etc. Barcelona :
Nombre del editor, distribuidor, etc. Anagrama,
Fecha de publicación, distribución, etc. 1972.
300 ## - DESCRIPCIÓN FÍSICA
Extensión 185 páginas
490 0# - MENCIÓN DE SERIE
Mención de serie Argumentos ;
Designación de volumen o secuencia 22,
Número Internacional Normalizado para Publicaciones Seriadas 01204971
505 ## - NOTA DE CONTENIDO CON FORMATO
Nota de contenido con formato CONTENIDO : Los signos. -- Signo y verdad. -- El aprendizaje. -- Los signos del arte y la esencia. -- Papel secundario de la memoria. -- Serie y grupo. -- El pluralismo en la teoría de los signos. -- El antílogos o la máquina literaria. -- Conclusión: La imagen del pensamiento.
520 3# - SUMARIO, ETC.
Sumario, etc. RESUMEN : Deleuze looks at signs left by persons and events in Marcel Proust's In Search of Lost Time, illustrating how memory interprets the signs creatively but inaccurately. The jealous lover, for example, cannot accurately decipher the deceptions of his beloved. Deleuze demonstrates how Proust's book, because of the multiplication of signs, becomes a literary machine, or rather three literary machines: of partial objects or impulses, of resources, and of forced moments. Deleuze understands Proust (or the narrator) as the "universal schizophrenic" whose signs weave a spider web by sending out threads to the paranoiac Charlus and the erotomaniac Albertine, all "marionettes of his own delirium" or "profiles of his own madness." These thematic links between signs, events and love are taken up elsewhere in Deleuze's work, most notably in his Capitalism and Schizophrenia collaborations with Félix Guattari.
650 ## - PUNTO DE ACCESO ADICIONAL DE MATERIA--TÉRMINO DE MATERIA
Término de materia o nombre geográfico como elemento de entrada Proust, Marcel, 1871-1922
9 (RLIN) 52449
650 #7 - PUNTO DE ACCESO ADICIONAL DE MATERIA--TÉRMINO DE MATERIA
Término de materia o nombre geográfico como elemento de entrada Simbolismo en la literatura
Fuente del encabezamiento o término lemb
9 (RLIN) 2163
942 ## - ELEMENTOS DE ENTRADA AGREGADA (KOHA)
Tipo de ítem Koha Libros
Existencias
Estado de retiro Estado de pérdida Estado dañado No para préstamo Código de colección Localización permanente Ubicación/localización actual Fecha de adquisición Número de inventario Total de préstamos Signatura topográfica completa Código de barras Fecha visto por última vez Número de copia Precio válido a partir de Tipo de ítem Koha Fuente de adquisición Coste, precio normal de compra Renovaciones totales Fecha del último préstamo
        Colección de Literatura (Piso 1) Biblioteca Carlos Gaviria Díaz, Campus Medellín Biblioteca Carlos Gaviria Díaz, Campus Medellín 13/03/1996 C114479   843 P968p Zd e2 61000003744824 21/04/2023 1 21/04/2023 Libros        
        Colección de Literatura (Piso 1) Biblioteca Carlos Gaviria Díaz, Campus Medellín Biblioteca Carlos Gaviria Díaz, Campus Medellín 03/03/2009 C1036168 5 843 P968p Zd e3 0687970 26/02/2026 2 21/04/2023 Libros Infosources 109863.00 1 18/12/2025
        Colección de Literatura (Piso 1) Biblioteca Carlos Gaviria Díaz, Campus Medellín Biblioteca Carlos Gaviria Díaz, Campus Medellín 03/03/2009 C1036176   843 P968p Zd 0687969 21/04/2023 3 21/04/2023 Libros Infosources 109863.00    
  Extraviado Inventario     Colección de Literatura (Piso 1) Biblioteca Carlos Gaviria Díaz, Campus Medellín Biblioteca Carlos Gaviria Díaz, Campus Medellín 27/11/2017 C1274035   843 P968p Zd e4 1035448 21/04/2023 4 21/04/2023 Libros Material adquirido por donación 25000.00